|
|
|
|
| LEADER |
00000nab a2200000 a 4500 |
| 001 |
vtls000393762 |
| 003 |
SK-MaSNL |
| 005 |
20260304012849.0 |
| 008 |
111202c1990 xo 0 slo |
| 015 |
|
|
|a SNBRB19rr/mm-uuuuu
|
| 035 |
|
|
|a CL0393886
|
| 040 |
|
|
|a SNKBUCL
|b slo
|c SNKBUCL
|e AACR2
|
| 041 |
0 |
|
|a slo
|
| 044 |
|
|
|a xo
|c SK
|
| 080 |
|
|
|a 791.43(437.6+44)
|2 1981
|
| 080 |
|
|
|a 44)
|2 1981
|
| 100 |
1 |
|
|a Langerová, Viera,
|d 1961-
|4 aut
|9 106744
|
| 245 |
1 |
0 |
|a Ako sa kalil kompromis
|c Viera Langerová
|
| 300 |
|
|
|b Fot. 2.
|
| 500 |
|
|
|a Scenár Eugen Gindl. Réžia Dušan Trančík
|
| 630 |
0 |
7 |
|a Vlastná krv (film)
|2 snkbucl
|9 1293089
|
| 650 |
0 |
7 |
|a slovenské filmy
|2 SNKPH
|9 317290
|
| 650 |
0 |
7 |
|a francúzske filmy
|2 SNKPH
|9 864254
|
| 655 |
|
7 |
|a články z novín a časopisov
|2 snkbucl
|9 267496
|
| 773 |
0 |
|
|t Dialóg 90
|g Roč. 2, č. 20 (1990), s. 5
|
| 850 |
|
|
|a Slovenská národná knižnica v Martine
|a MTA001
|
| 852 |
|
|
|a SNK
|b KIS3GCP
|
| 958 |
|
|
|a RK
|
| 992 |
|
|
|a RBX
|
| 999 |
|
|
|c 2573513
|d 2575443
|